000 00205nam a22000857a 4500
008 170626b xxu||||| |||| 00| 0 eng d
100 _93719
_aSelmon. A. C
245 _aHealth and Strength
260 _aDelhi
_c2003
999 _c7141
_d7141